IFM Opac

The city: Problems of Planning (Record no. 17979)

MARC details
000 -LEADER
fixed length control field 00354nam a22001337a 4500
082 ## - DEWEY DECIMAL CLASSIFICATION NUMBER
Classification number 711.4 THE
100 ## - MAIN ENTRY--PERSONAL NAME
Personal name The city: Problems of Planning
245 ## - TITLE STATEMENT
Title The city: Problems of Planning
260 ## - PUBLICATION, DISTRIBUTION, ETC.
Place of publication, distribution, etc. England
Name of publisher, distributor, etc. Pengin Books Ltd.
Date of publication, distribution, etc. 1972
300 ## - PHYSICAL DESCRIPTION
Extent 496p.
Other physical details ill, 20cm.
500 ## - GENERAL NOTE
General note include index
650 ## - SUBJECT ADDED ENTRY--TOPICAL TERM
Topical term or geographic name entry element The city: Problems of Planning
942 ## - ADDED ENTRY ELEMENTS (KOHA)
Koha item type Books
Holdings
Withdrawn status Lost status Source of classification or shelving scheme Damaged status Not for loan Home library Current library Shelving location Date acquired Full call number Barcode Date last seen Price effective from Koha item type
    Dewey Decimal Classification     IFM Main Campus Library IFM Main Campus Library   08/09/2017 711.4 THE 0000011426 08/09/2017 08/09/2017 Books